The Soviet Union and the Third World: (Record no. 589301)

000 -LEADER
fixed length control field 00503nam a22001817a 4500
003 - CONTROL NUMBER IDENTIFIER
control field NUST
005 - DATE AND TIME OF LATEST TRANSACTION
control field 20220421120442.0
008 - FIXED-LENGTH DATA ELEMENTS--GENERAL INFORMATION
fixed length control field 220311b ||||| |||| 00| 0 eng d
020 ## - INTERNATIONAL STANDARD BOOK NUMBER
International Standard Book Number 0-8014-9454-0
038 ## - RECORD CONTENT LICENSOR
Staff Name Muhammad Ibrahim
082 ## - DEWEY DECIMAL CLASSIFICATION NUMBER
Classification number 327.4701
Author Mark SOV 1987
100 ## - MAIN ENTRY--PERSONAL NAME
9 (RLIN) 90576
245 ## - TITLE STATEMENT
Title The Soviet Union and the Third World:
Remainder of title the last three decades\
Statement of responsibility, etc. Andrzej Korbonski. Editor
260 ## - PUBLICATION, DISTRIBUTION, ETC.
Place of publication, distribution, etc. Lahore
Name of publisher, distributor, etc. PAF Book Club
Date of publication, distribution, etc. 1987
300 ## - PHYSICAL DESCRIPTION
Extent xv,317.p.;
563 ## - BINDING INFORMATION
Binding note hardcover
942 ## - ADDED ENTRY ELEMENTS (KOHA)
Source of classification or shelving scheme
Koha item type Book
Holdings
Withdrawn status Lost status Source of classification or shelving scheme Damaged status Not for loan Permanent Location Current Location Shelving location Date acquired Total Checkouts Full call number Barcode Date last seen Price effective from Koha item type
          Centre for International Peace & Stability (CIPS) Centre for International Peace & Stability (CIPS) General Stacks 04/14/2022   327.4701 SOV 1987 CIPSD0000704 04/21/2022 04/21/2022 Book
© 2023 Central Library, National University of Sciences and Technology. All Rights Reserved.